书目信息 |
| 题名: |
性格舞蹈教程
|
|
| 作者: | 杨越 , 李春华 , 胡晓 编著 | |
| 分册: | ||
| 出版信息: | 上海 上海音乐出版社 2004 |
|
| 页数: | 263页 | |
| 开本: | 24cm | |
| 丛书名: | 舞蹈学科应用与基础理论教材系列 | |
| 单 册: | ||
| 中图分类: | J732.5 | |
| 科图分类: | ||
| 主题词: | 性格舞蹈--高等学校--教材 | |
| 电子资源: | ||
| ISBN: | 7-80667-631-7 | |
| 000 | 01114nam0 2200313 45 | |
| 001 | 060000027432 | |
| 005 | 20051219100733.76 | |
| 010 | @a7-80667-631-7@dCNY32.00 | |
| 092 | @aCN | |
| 100 | @a20050422d2004 ekmy0chiy0120 ea | |
| 101 | 0 | @achi |
| 102 | @aCN@b310000 | |
| 105 | @ay z 000yy | |
| 200 | 1 | @a性格舞蹈教程@9xing ge wu dao jiao cheng@f杨越,李春华,胡晓编著@Fyang yue,li chun hua,hu xiao bian zhu |
| 210 | @a上海@c上海音乐出版社@d2004 | |
| 215 | @a263页@d24cm | |
| 225 | 2 | @a舞蹈学科应用与基础理论教材系列@i芭蕾舞学科系列 |
| 300 | @a北京市高等教育精品教材立项项目 北京舞蹈学院“十五”规划教材 | |
| 330 | @a本书包括五个单元,第一个单元包括基本脚位和手位,扶把练习,中间练习;第二、三单元包括扶把练习和中间练习;第四、五单元包括中间练习。 | |
| 461 | 0 | @12001 @a舞蹈学科应用与基础理论教材系列 |
| 462 | 0 | @12001 @a芭蕾舞学科系列 |
| 606 | 0 | @a性格舞蹈@x高等学校@j教材 |
| 690 | @aJ732.5@v4 | |
| 701 | 0 | @a杨越@Ayang yue@4编著 |
| 701 | 0 | @a李春华@Ali chun hua@4编著 |
| 701 | 0 | @a胡晓@Ahu xiao@4编著 |
| 801 | 0 | @aCN@bCXYBOOK@c20051219 |
| 905 | @a10447@dJ732.5@e54 | |
| 999 | @aAFJ@eDF | |
| 性格舞蹈教程/杨越,李春华,胡晓编著.-上海:上海音乐出版社,2004 |
| 263页;24cm.-(舞蹈学科应用与基础理论教材系列.芭蕾舞学科系列) |
| 北京市高等教育精品教材立项项目 北京舞蹈学院“十五”规划教材 |
| ISBN 7-80667-631-7:CNY32.00 |
| 本书包括五个单元,第一个单元包括基本脚位和手位,扶把练习,中间练习;第二、三单元包括扶把练习和中间练习;第四、五单元包括中间练习。 |
| ● |
| 相关链接 |
|
|
|
|
正题名:性格舞蹈教程
索取号:J732.5/54
 
预约/预借
| 序号 | 登录号 | 条形码 | 馆藏地/架位号 | 状态 | 备注 |
| 1 | 0371615 | 203716158 | 第一样本阅览室/ [索取号:J732.5/54] | 在馆 | |
| 2 | 0371616 | 203716167 | 第一借阅区/ [索取号:J732.5/54] | 在馆 | |
| 3 | 0371617 | 203716176 | 第一借阅区/ [索取号:J732.5/54] | 在馆 |